00929nam a2200193 a 450000500170000000800410001702000180005805000180007610000190009424500490011325000120016226000530017444000420022752002560026965000410052565000310056699900190059795201190061620140414132116.0111026s19uu xx 00 eng d a9781423101468 aFICbR48 2008 aRiordan, Rick. aThe battle of the Labyrinth /cRick Riordan. a1st ed. aNew York :bHyperion Books for Children,cc2008. aPercy Jackson & the Olympians ; bk. 4 aWhen demonic cheerleaders invade his high school, Percy Jackson hurries to Camp Half Blood, from whence he and his demigod friends set out on a quest through the Labyrinth, while the war between the Olympians and the evil Titan lord Kronos draws near. aAnimals, MythicalxJuvenile fiction. aMythology, GreekxFiction. c114925d114925 00104050aMUbMUcFICd2011-10-26eBkRewardg225.00l0oFIC R48 2008pM6861r2014-04-14 00:00:00w2014-04-14yBK